Movies Quiz

Random Movies or Alphabet Quiz

Samuel L. Jackson Movies by Letter Quiz Stats

 Plays Quiz Updated Jan 2, 2019

Challenge
Share
Tweet
Embed
Score 0/23 Timer 10:00
3 Plays Today
Letter Film(s) % Correct
SSnakes on a Plane, Star Wars: Episode II ...
90.3%
PPulp Fiction, Patriot Games...
87.2%
AAmos & Andrew, The Avengers...
63.2%
DDo the Right Thing, Deep Blue Sea ...
56%
IThe Incredibles, Iron Man 2 ...
54.9%
CCaptain America: The First Avenger, Cleaner ...
53.5%
JJurassic Park, Jackie Brown...
52.8%
TTrees Lounge, A Time to Kill
44.1%
UUnbreakable, Unthinkable
35.5%
KKill Bill: Vol. 2, Kiss of Death...
31.3%
BBlack Snake Moan, Basic, Betsy's Wedding ...
30.3%
XxXx, xXx: State of the Union...
24.7%
Letter Film(s) % Correct
LThe Long Kiss Goodnight, Lakeview Terrace ...
23%
NThe Negotiator, No Good Deed...
22.4%
GThe Great White Hype, Goodfellas...
19.9%
OThe Other Guys, Out of Sight...
18.1%
MMenace II Society, Mo' Better Blues, The Man ...
13.6%
FFormula 51, Freedomland...
12.7%
RResurrecting the Champ, Rules of Engagement ...
12.3%
HHard Eight, Home of the Brave...
9.6%
EEve's Bayou, The Exorcist III ...
7.2%
WWhite Sands
4.8%
ZZambezia
1.9%

You're not logged in!

Compare scores with friends on all Sporcle quizzes.
OR
Log In

You Might Also Like...

Show Comments

Extras

Top Quizzes Today


Score Distribution

Your Account Isn't Verified!

In order to create a playlist on Sporcle, you need to verify the email address you used during registration. Go to your Sporcle Settings to finish the process.

Report this User

Report this user for behavior that violates our Community Guidelines.

Details: